NBA teams that have never won a championship. - Statistics

General Stats
  • This quiz has been taken 22 times
  • The average score is 9 of 10
Answer Stats
Answer % Correct
Brooklyn Nets
95%
Charlotte Hornets
95%
Los Angeles Clippers
95%
New Orleans Pelicans
95%
Phoenix Suns
95%
Memphis Grizzlies
79%
Minnesota Timberwolves
79%
Orlando Magic
79%
Utah Jazz
74%
Indiana Pacers
68%
No matching quizzes found
Score Distribution
Percent of People with Each Score
Percentile by Number Answered
Your Score History
You have not taken this quiz